[Event "LAT-ch"]
[Site "Riga"]
[Date "2025.05.04"]
[Round "8"]
[White "Tolmacevs, Artjoms"]
[Black "Mierins, Emils Janis"]
[Result "1-0"]
[WhiteElo "2246"]
[BlackElo "2204"]
[PlyCount "85"]
[EventDate "2025.04.29"]
[EventType "swiss"]
[EventRounds "9"]
[EventCountry "LAT"]
[SourceTitle "CB19_2025"]
[SourceDate "2025.05.07"]
[SourceVersion "1"]
[SourceVersionDate "2025.05.07"]
[SourceQuality "1"]

1. e4 c6 2. d4 d5 3. e5 Bf5 4. h4 h5 5. Bd3 Bxd3 6. Qxd3 e6 7. Bg5 Qa5+ 8. Nd2 c5 9. Ne2 Nc6 10. 0-0 cxd4 11. Nf3 Be7 12. Nexd4 a6 13. Rad1 Rd8 14. Nxe6 fxe6 15. Qg6+ Kf8 16. Nd4 Bxg5 17. Nxe6+ Ke7 18. Nxg5 Kd7 19. Qe6+ Kc7 20. Nf7 Nge7 21. Nxh8 Rxh8 22. c4 d4 23. Rfe1 Qc5 24. a3 Rh6 25. Qf7 a5 26. Rb1 a4 27. b4 axb3 28. Rxb3 Rh8 29. Reb1 Rb8 30. Rb5 Qxa3 31. Qe6 Nd8 32. Qb6+ Kd7 33. Qxd4+ Ke8 34. Ra1 Ndc6 35. Qd1 Qc3 36. Qxh5+ g6 37. Qh8+ Ng8 38. Qxg8+ Ke7 39. Qg7+ Ke8 40. Qxg6+ Ke7 41. Qf6+ Ke8 42. Rab1 Nd4 43. Qg6+ 1-0

[Event "LTU-chT"]
[Site "Lithuania"]
[Date "2025.03.28"]
[Round "5.2"]
[White "Kalvaitis, Sigitas"]
[Black "Mierins, Emils Janis"]
[Result "1/2-1/2"]
[WhiteElo "2160"]
[BlackElo "2222"]
[PlyCount "49"]
[EventDate "2025.01.24"]
[EventType "team-swiss"]
[EventRounds "7"]
[EventCountry "LTU"]
[SourceTitle "CB14_2025"]
[SourceDate "2024.11.01"]
[SourceVersion "1"]
[SourceVersionDate "2024.11.01"]
[SourceQuality "1"]
[WhiteTeam "Plunge Bokstas"]
[BlackTeam "Vilnius Juoda Balta"]
[WhiteTeamCountry "LTU"]
[BlackTeamCountry "LTU"]

1. e4 c6 2. Nf3 d5 3. Nc3 g6 4. d4 Bg7 5. h3 dxe4 6. Nxe4 Nf6 7. Nxf6+ exf6 8. Bd3 0-0 9. 0-0 Be6 10. Re1 Nd7 11. c4 Nb6 12. Qc2 Qc7 13. Be3 Rfe8 14. Rad1 Rad8 15. b3 Nc8 16. Qd2 Qd7 17. Bf4 Bf8 18. Qc2 Bd6 19. Bxd6 Nxd6 20. Qc3 Kg7 21. Re3 Bf5 22. Rde1 Rxe3 23. Rxe3 Bxd3 24. Rxd3 Qf5 25. Rd1 1/2-1/2

[Event "Wch U20 62nd"]
[Site "Petrovac"]
[Date "2025.03.05"]
[Round "9"]
[White "De Maupeou D'Ableiges, Alexandre"]
[Black "Mierins, Emils Janis"]
[Result "0-1"]
[WhiteElo "1852"]
[BlackElo "2229"]
[PlyCount "90"]
[EventDate "2025.02.25"]
[EventType "swiss"]
[EventRounds "11"]
[EventCountry "MNE"]
[SourceTitle "CB11_2025"]
[SourceDate "2025.03.12"]
[SourceVersion "1"]
[SourceVersionDate "2025.03.12"]
[SourceQuality "1"]

1. e4 c6 2. d4 d5 3. e5 Bf5 4. h4 h5 5. c4 e6 6. Nc3 Bb4 7. a3 Bxc3+ 8. bxc3 Nd7 9. cxd5 cxd5 10. Bd3 Ne7 11. Ne2 Qc7 12. 0-0 Rc8 13. Bf4 Bxd3 14. Qxd3 Qc4 15. Qf3 Nf5 16. g3 b5 17. a4 bxa4 18. Rfb1 Nb6 19. Bc1 Qc6 20. Ba3 Nc4 21. Qd3 Kd7 22. Bc5 Rb8 23. Bxa7 Ra8 24. Bc5 Rhb8 25. Rxb8 Rxb8 26. Nf4 Rb2 27. Bb4 Rd2 28. Qf3 g6 29. Nd3 Kc8 30. Nc5 Nb6 31. Qf4 Rb2 32. Qc1 Re2 33. Ba5 Nc4 34. Rxa4 Nd2 35. Bb4 Re1+ 36. Qxe1 Nf3+ 37. Kh1 Nxe1 38. Ra7 Kb8 39. Rxf7 Qb5 40. Rf8+ Kc7 41. Rf7+ Kc6 42. Kg1 Qe2 43. Nxe6 Nf3+ 44. Kg2 Ne3+ 45. Kh3 Qf1# 0-1

[Event "Wch U20 62nd"]
[Site "Petrovac"]
[Date "2025.02.28"]
[Round "4"]
[White "Mierins, Emils Janis"]
[Black "Colbow, Collin"]
[Result "0-1"]
[WhiteElo "2229"]
[BlackElo "2442"]
[PlyCount "96"]
[EventDate "2025.02.25"]
[EventType "swiss"]
[EventRounds "11"]
[EventCountry "MNE"]
[SourceTitle "CB11_2025"]
[SourceDate "2025.03.12"]
[SourceVersion "1"]
[SourceVersionDate "2025.03.12"]
[SourceQuality "1"]

1. e4 c5 2. Nf3 d6 3. d4 cxd4 4. Nxd4 Nf6 5. Nc3 Nc6 6. h3 e5 7. Nf3 Be6 8. Ng5 Rc8 9. Nxe6 fxe6 10. Bc4 Nd4 11. Bb3 Nxb3 12. axb3 a6 13. 0-0 Be7 14. f4 0-0 15. f5 d5 16. exd5 exd5 17. Bg5 Bc5+ 18. Kh1 Bd4 19. Bxf6 Rxf6 20. Nxd5 Qxd5 21. c3 Rcf8 22. cxd4 exd4 23. Qg4 Rxf5 24. Rxf5 Rxf5 25. Rd1 h5 26. Qe2 b5 27. Rd3 h4 28. Kg1 Rf4 29. Qe8+ Kh7 30. Qe2 Re4 31. Qf2 Qe5 32. Rd1 d3 33. Kh1 Rf4 34. Qd2 Rd4 35. Qf2 Qe4 36. Kg1 Rd5 37. Re1 Qd4 38. Rd1 d2 39. Qxd4 Rxd4 40. Kf2 Kg6 41. Ke3 Rd8 42. Rxd2 Rxd2 43. Kxd2 Kf5 44. Ke3 a5 45. Kf3 Ke5 46. Ke3 Kd5 47. Kd3 g6 48. Kc3 Ke4 0-1

[Event "Lienz op 22nd"]
[Site "Lienz"]
[Date "2025.02.11"]
[Round "5"]
[White "Mierins, Emils Janis"]
[Black "Wilgosz, Jan"]
[Result "1/2-1/2"]
[WhiteElo "2229"]
[BlackElo "1820"]
[PlyCount "92"]
[EventDate "2025.02.08"]
[EventType "swiss"]
[EventRounds "9"]
[EventCountry "AUT"]
[SourceTitle "CB08_2025"]
[SourceDate "2025.02.19"]
[SourceVersion "1"]
[SourceVersionDate "2025.02.19"]
[SourceQuality "1"]

1. Nf3 Nf6 2. g3 b6 3. Bg2 Bb7 4. 0-0 e6 5. c4 Be7 6. Nc3 0-0 7. d4 Ne4 8. Qd3 Nxc3 9. bxc3 f5 10. Ne1 Bxg2 11. Nxg2 Nc6 12. e4 Bg5 13. e5 Bxc1 14. Raxc1 Qc8 15. f4 Qa6 16. Rfd1 Na5 17. Ne3 Rf7 18. Rb1 Raf8 19. h4 h6 20. h5 Qb7 21. d5 Qa8 22. Nc2 Nb7 23. Nd4 Nc5 24. Qf3 Qe8 25. Nb3 Ne4 26. Re1 g6 27. hxg6 Rg7 28. Rxe4 fxe4 29. Qxe4 Rxg6 30. Kf2 Rg5 31. Rh1 Rh5 32. Nd4 Rxh1 33. Qxh1 Qg6 34. dxe6 dxe6 35. Qc6 Re8 36. Qxc7 Qh5 37. Kg2 Kh8 38. Qd7 Qg6 39. Qc6 Rg8 40. Qf3 h5 41. Kh3 Rg7 42. a3 Rg8 43. Kh4 Rg7 44. a4 Kg8 45. Qa8+ Kh7 46. Qf3 Kg8 1/2-1/2

[Event "Parnu Keres rapid op 5th"]
[Site "Parnu"]
[Date "2024.07.28"]
[Round "3"]
[White "Mierins, Emils Janis"]
[Black "Blomqvist, Erik"]
[Result "0-1"]
[WhiteElo "2244"]
[BlackElo "2515"]
[PlyCount "78"]
[EventDate "2024.07.28"]
[EventType "swiss (rapid)"]
[EventRounds "7"]
[EventCountry "EST"]
[SourceTitle "CBM 221 Extra"]
[Source "ChessBase"]
[SourceDate "2024.09.30"]
[SourceVersion "1"]
[SourceVersionDate "2024.09.30"]
[SourceQuality "1"]

1. e4 c5 2. Nf3 e6 3. d4 cxd4 4. Nxd4 Nc6 5. Nc3 Qc7 6. a3 a6 7. Be3 b5 8. Nxc6 Qxc6 9. Bd3 Bb7 10. Qg4 h5 11. Qe2 Nf6 12. h3 Rc8 13. 0-0 Bc5 14. Rae1 h4 15. Bxc5 Qxc5 16. Qe3 d6 17. a4 b4 18. Nb1 Ke7 19. Nd2 Qxe3 20. Rxe3 Nd7 21. f4 Nc5 22. Ra1 Nxd3 23. cxd3 Rc2 24. Nc4 Rh6 25. Rf1 d5 26. Na5 Ba8 27. Rf2 Rc1+ 28. Kh2 dxe4 29. dxe4 Rh5 30. Nb3 Rc4 31. Rfe2 Bc6 32. Nd2 Rc2 33. b3 Rhc5 34. Nc4 Rxe2 35. Rxe2 Bxa4 36. bxa4 Rxc4 37. g3 b3 38. Re3 Rc2+ 39. Kg1 b2 0-1

[Event "Cesis op 3rd"]
[Site "Cesis"]
[Date "2024.06.19"]
[Round "5"]
[White "Kengis, Edvins"]
[Black "Mierins, Emils Janis"]
[Result "1-0"]
[WhiteElo "2517"]
[BlackElo "2224"]
[PlyCount "75"]
[EventDate "2024.06.17"]
[EventType "swiss"]
[EventRounds "8"]
[EventCountry "LAT"]
[SourceTitle "EXT 2025"]
[Source "ChessBase"]
[SourceDate "2024.10.14"]
[SourceVersion "1"]
[SourceVersionDate "2024.10.14"]
[SourceQuality "1"]

1. Nf3 Nf6 2. c4 e6 3. Nc3 d5 4. d4 h6 5. a3 c5 6. e3 Nc6 7. cxd5 exd5 8. Bb5 a6 9. Bxc6+ bxc6 10. Ne5 Bd7 11. Nxd7 Nxd7 12. e4 dxe4 13. Nxe4 Be7 14. Qg4 g6 15. Nxc5 Nxc5 16. dxc5 h5 17. Qc4 0-0 18. 0-0 Bf6 19. Bh6 Bg7 20. Rad1 Qb8 21. Bxg7 Kxg7 22. Qc3+ Kg8 23. Rd6 Qb5 24. Rfd1 Rfe8 25. h4 Ra7 26. b4 Rae7 27. Qf6 Qb8 28. g3 a5 29. Rd7 Rxd7 30. Rxd7 Rf8 31. Qxc6 axb4 32. Rb7 Qe5 33. axb4 Rd8 34. Qf3 Qe6 35. c6 Kg7 36. c7 Qe1+ 37. Kg2 Rd1 38. Qxf7+ 1-0

[Event "LTU-chT"]
[Site "Lithuania"]
[Date "2024.03.23"]
[Round "4.1"]
[White "Indriunas, Matas"]
[Black "Mierins, Emils Janis"]
[Result "1/2-1/2"]
[WhiteElo "2318"]
[BlackElo "2220"]
[PlyCount "123"]
[EventDate "2024.01.27"]
[EventType "team-swiss"]
[EventRounds "7"]
[EventCountry "LTU"]
[SourceTitle "EXT 2025"]
[Source "ChessBase"]
[SourceDate "2024.10.14"]
[SourceVersion "1"]
[SourceVersionDate "2024.10.14"]
[SourceQuality "1"]
[WhiteTeam "Vilnius MRU"]
[BlackTeam "Vilnius Juoda Balta"]
[WhiteTeamCountry "LTU"]
[BlackTeamCountry "LTU"]

1. e4 c6 2. d4 d5 3. e5 Bf5 4. Nd2 e6 5. Nb3 Nd7 6. Nf3 Rc8 7. c3 a6 8. Be2 c5 9. 0-0 Ne7 10. Nxc5 Nxc5 11. dxc5 Rxc5 12. Be3 Rc8 13. Qb3 Qd7 14. Rfd1 Nc6 15. Rac1 Na5 16. Qb6 Nc4 17. Bxc4 Rxc4 18. b3 Rc6 19. Qa5 Qc7 20. Qxc7 Rxc7 21. Nh4 Bg6 22. Nxg6 hxg6 23. Rd3 Bc5 24. Bf4 0-0 25. Kf1 Rfc8 26. Ke2 Ba3 27. Rc2 b5 28. Be3 Bb4 29. Bd4 Be7 30. Rf3 Rc6 31. Kd3 a5 32. Re3 Ra6 33. a4 bxa4 34. bxa4 Rb8 35. Ree2 Rc6 36. Rb2 Rxb2 37. Rxb2 Rc4 38. Rb8+ Kh7 39. Rb7 Ba3 40. Rxf7 Rxa4 41. Ra7 Kg8 42. Bb6 Bf8 43. Rxa5 Rxa5 44. Bxa5 Bc5 45. f3 Kf7 46. Bd8 Bg1 47. h3 Bh2 48. Bc7 Ke8 49. Bd6 Kd7 50. c4 Kc6 51. c5 Bg1 52. Bf8 Bxc5 53. Bxg7 Kd7 54. g4 Bg1 55. Bf6 Bh2 56. Ke3 Bg1+ 57. Kd3 Bh2 58. h4 Ke8 59. h5 gxh5 60. gxh5 Bf4 61. Kd4 Kf7 62. Bd8 1/2-1/2